[Event "GER-chT Federal Cup (Women)"]
[Site "Braunfels"]
[Date "2022.06.17"]
[Round "3.36"]
[White "Ramm, Madlen"]
[Black "Kiesel, Lara"]
[Result "1/2-1/2"]
[WhiteElo "1732"]
[BlackElo "1737"]
[PlyCount "25"]
[EventDate "2022.06.15"]
[EventType "team-swiss"]
[EventRounds "5"]
[EventCountry "GER"]
[SourceTitle "EXT 2023"]
[Source "ChessBase"]
[SourceDate "2022.10.05"]
[SourceVersion "1"]
[SourceVersionDate "2022.10.05"]
[SourceQuality "1"]

1. e4 e6 2. d4 d5 3. Nc3 Bb4 4. exd5 exd5 5. Bd3 Nf6 6. Nge2 0-0 7. 0-0 c6 8. a3 Bd6 9. Bg5 Nbd7 10. Qd2 h6 11. Bf4 Qc7 12. Bxd6 Qxd6 13. Qf4 1/2-1/2

[Event "GER-chT Federal Cup (Women)"]
[Site "Braunfels"]
[Date "2021.10.24"]
[Round "5.30"]
[White "Ramm, Madlen"]
[Black "Kiesel, Lara"]
[Result "1-0"]
[WhiteElo "1743"]
[BlackElo "1728"]
[PlyCount "71"]
[EventDate "2021.10.19"]
[EventType "team-tourn"]
[EventRounds "5"]
[EventCountry "GER"]
[SourceTitle "CBM 204 Extra"]
[Source "ChessBase"]
[SourceDate "2021.11.30"]
[SourceVersion "1"]
[SourceVersionDate "2021.11.30"]
[SourceQuality "1"]

1. e4 e6 2. d4 d5 3. Nc3 Bb4 4. exd5 exd5 5. Bd3 Nf6 6. Bg5 c6 7. Nf3 0-0 8. 0-0 Bg4 9. h3 Bh5 10. a3 Bd6 11. Be2 Nbd7 12. Ne5 Bxe2 13. Qxe2 Qb6 14. Nxd7 Nxd7 15. Qg4 Qc7 16. Bh6 g6 17. Bxf8 Bxf8 18. Rfe1 Nb6 19. b3 Rd8 20. Re3 Nc8 21. a4 a5 22. Rae1 Nd6 23. Qf4 Qb6 24. Nd1 Qb4 25. Nb2 Bg7 26. Nd3 Qxd4 27. Qxd4 Bxd4 28. Re7 Bf6 29. Rc7 Rb8 30. Nc5 Bd4 31. Nd7 Rd8 32. Kf1 Kg7 33. Rd1 Ba7 34. Rd3 g5 35. Rf3 Kg6 36. Rf6+ 1-0

[Event "GER-chT Federal Cup (Women)"]
[Site "Braunfels"]
[Date "2019.06.21"]
[Round "2.19"]
[White "Stangl, Anita"]
[Black "Ramm, Madlen"]
[Result "1-0"]
[WhiteElo "2010"]
[BlackElo "1733"]
[PlyCount "107"]
[EventDate "2019.06.20"]
[EventType "team-swiss"]
[EventRounds "5"]
[EventCountry "GER"]
[SourceTitle "CBM 191 Extra"]
[Source "ChessBase"]
[SourceDate "2019.09.30"]
[SourceVersion "1"]
[SourceVersionDate "2019.09.30"]
[SourceQuality "1"]

1. e4 d5 2. exd5 Qxd5 3. Nf3 Nf6 4. Nc3 Qa5 5. Be2 c6 6. 0-0 Bf5 7. d4 e6 8. a3 Bd6 9. h3 0-0 10. Bd2 Qc7 11. Nh4 Bg6 12. Nxg6 hxg6 13. Bd3 Nbd7 14. Qf3 Nb6 15. Bg5 Nbd5 16. Ne2 Nh7 17. Bd2 Rac8 18. c4 Ndf6 19. Rfe1 Rfd8 20. b4 Be7 21. Bf4 Bd6 22. Be3 Be7 23. g4 Nd7 24. Qg2 Nb6 25. Bf4 Qd7 26. Rad1 Bf6 27. Be3 Na4 28. Rd2 Nb6 29. f4 Re8 30. g5 Bd8 31. h4 Bc7 32. Qe4 Nf8 33. Qf3 Rcd8 34. Ng3 Nc8 35. h5 Nd6 36. hxg6 fxg6 37. c5 Nf5 38. Nxf5 gxf5 39. Qh3 g6 40. Bc4 Qh7 41. Qg3 Kf7 42. b5 Nd7 43. Rh2 Qg7 44. bxc6 bxc6 45. Qf3 Nb8 46. Rd1 Rh8 47. Rxh8 Qxh8 48. Kg2 Qh5 49. Rb1 Qxf3+ 50. Kxf3 Rd7 51. Rh1 Kg7 52. Bxe6 Re7 53. d5 cxd5 54. Bd4+ 1-0

[Event "GER-chT Federal Cup (Women)"]
[Site "Braunfels"]
[Date "2016.05.26"]
[Round "1.3"]
[White "Ramm, Madlen"]
[Black "Steimbach, Isabel"]
[Result "0-1"]
[WhiteElo "1600"]
[BlackElo "1924"]
[PlyCount "58"]
[EventDate "2016.05.26"]
[EventType "team-swiss"]
[EventRounds "5"]
[EventCountry "GER"]
[SourceTitle "EXT 2019"]
[Source "ChessBase"]
[SourceDate "2018.10.10"]
[SourceVersion "1"]
[SourceVersionDate "2018.10.10"]
[SourceQuality "1"]
[WhiteTeam "Saarland Schleswig Holstein (W)"]
[BlackTeam "Baden (W)"]
[WhiteTeamCountry "GER"]
[BlackTeamCountry "GER"]

1. e4 c5 2. Nc3 d6 3. f4 Nc6 4. Nf3 e6 5. Bb5 Bd7 6. Bxc6 Bxc6 7. d3 g6 8. 0-0 Ne7 9. Qe1 Bg7 10. Be3 0-0 11. Qh4 b5 12. f5 exf5 13. Bh6 Bxh6 14. Qxh6 f6 15. exf5 Nxf5 16. Qd2 Re8 17. Rae1 Qc7 18. Qf4 Kg7 19. d4 cxd4 20. Nxd4 Qb6 21. Rd1 b4 22. Kh1 bxc3 23. Nxf5+ gxf5 24. Qxf5 Qd8 25. Rd4 Re5 26. Qh3 Rg5 27. Rf2 cxb2 28. Rb4 Rb8 29. Qc3 b1Q+ 0-1

[Event "Saarland-ch B 89th"]
[Site "Stennweiler"]
[Date "2014.04.15"]
[Round "5"]
[White "Scheuer, Thorsten"]
[Black "Ramm, Madlen"]
[Result "0-1"]
[WhiteElo "1425"]
[BlackElo "1778"]
[PlyCount "90"]
[EventDate "2014.04.11"]
[EventType "swiss"]
[EventRounds "9"]
[EventCountry "GER"]
[SourceTitle "EXT 2016"]
[Source "ChessBase"]
[SourceDate "2015.10.08"]
[SourceVersion "1"]
[SourceVersionDate "2015.10.08"]
[SourceQuality "1"]

1. d4 d5 2. c4 c6 3. Nc3 e5 4. dxe5 d4 5. Ne4 Qa5+ 6. Bd2 Qxe5 7. Ng3 Nf6 8. Nf3 Qd6 9. Qc2 g6 10. Rd1 Bg7 11. e3 Bg4 12. Be2 Bxf3 13. Bxf3 dxe3 14. Bxe3 Qb4+ 15. Rd2 0-0 16. 0-0 Nbd7 17. Bf4 Qa5 18. Bd6 Rfd8 19. b4 Qg5 20. Rfd1 Ne5 21. Be2 Ne8 22. Ne4 Qf5 23. c5 Rd7 24. f3 Bh6 25. g4 Nxf3+ 26. Kh1 Qxg4 27. Nf2 Qh5 28. Rd3 Nxd6 29. Bxf3 Qh4 30. cxd6 Rad8 31. Rd4 Qf6 32. Bg4 Rxd6 33. Rxd6 Rxd6 34. Ne4 Rxd1+ 35. Qxd1 Qe7 36. Bf3 Qxb4 37. Qd8+ Bf8 38. Nf6+ Kg7 39. Ne8+ Kh6 40. h4 Be7 41. Qc7 Qxh4+ 42. Kg2 Qg5+ 43. Kf1 Qc1+ 44. Kg2 Qd2+ 45. Kf1 Bh4 0-1

[Event "Saarland-ch B 89th"]
[Site "Stennweiler"]
[Date "2014.04.13"]
[Round "3"]
[White "Rohr, Christian"]
[Black "Ramm, Madlen"]
[Result "1/2-1/2"]
[WhiteElo "1539"]
[BlackElo "1778"]
[PlyCount "73"]
[EventDate "2014.04.11"]
[EventType "swiss"]
[EventRounds "9"]
[EventCountry "GER"]
[SourceTitle "EXT 2016"]
[Source "ChessBase"]
[SourceDate "2015.10.08"]
[SourceVersion "1"]
[SourceVersionDate "2015.10.08"]
[SourceQuality "1"]

1. e4 d5 2. exd5 Qxd5 3. Nc3 Qd6 4. Bc4 Nf6 5. Qf3 c6 6. d3 Bg4 7. Qe3 e6 8. h3 Bh5 9. Nge2 Bxe2 10. Qxe2 Be7 11. 0-0 Nbd7 12. Re1 0-0 13. Bg5 Qb4 14. Ne4 Nxe4 15. Bxe7 Qxe7 16. Qxe4 Nf6 17. Qf3 Nd5 18. Bxd5 cxd5 19. Qxd5 Rfd8 20. Qf3 Rac8 21. c3 Qd7 22. Rad1 h6 23. Re4 Qc6 24. Qf4 Rd5 25. a3 Rf5 26. Qe3 Rg5 27. f3 Qa6 28. Re1 Rd8 29. d4 Rgd5 30. f4 Qb6 31. Re2 Qb3 32. Kh2 Qa4 33. g4 Kf8 34. Rf2 Qd7 35. f5 exf5 36. gxf5 Rxf5 37. Rxf5 1/2-1/2

[Event "Saarland-ch B 89th"]
[Site "Stennweiler"]
[Date "2014.04.12"]
[Round "2"]
[White "Ramm, Madlen"]
[Black "Damand, Andre"]
[Result "1-0"]
[WhiteElo "1778"]
[BlackElo "1362"]
[PlyCount "101"]
[EventDate "2014.04.11"]
[EventType "swiss"]
[EventRounds "9"]
[EventCountry "GER"]
[SourceTitle "EXT 2016"]
[Source "ChessBase"]
[SourceDate "2015.10.08"]
[SourceVersion "1"]
[SourceVersionDate "2015.10.08"]
[SourceQuality "1"]

1. e4 c5 2. Nc3 Nc6 3. f4 d6 4. Bb5 Bd7 5. Bxc6 Bxc6 6. d3 g6 7. Nf3 Bg7 8. 0-0 Qb6 9. Kh1 Nf6 10. Qe1 0-0 11. Qh4 h6 12. f5 g5 13. Qe1 Rfe8 14. Nd1 e6 15. fxe6 Rxe6 16. Bd2 Qc7 17. Qg3 c4 18. Bc3 Nxe4 19. dxe4 Bxe4 20. Bxg7 Kxg7 21. Nd4 Rg6 22. Nf2 Bd5 23. Qc3 Kh7 24. Rae1 b6 25. Ng4 Qb7 26. Nf3 h5 27. Nf6+ Kh6 28. Nxd5 Qxd5 29. Nd4 Rf8 30. Nf5+ Kh7 31. Ne7 Qc5 32. Nxg6 Kxg6 33. Qf6+ Kh7 34. Qf5+ Kh6 35. Qxc5 dxc5 36. h3 Kg6 37. Re7 a5 38. Rb7 f5 39. Rxb6+ Rf6 40. Rxf6+ Kxf6 41. Re1 f4 42. Kg1 Kf5 43. Kf2 a4 44. Re8 g4 45. hxg4+ hxg4 46. g3 f3 47. Ra8 Ke4 48. Rxa4 Kd4 49. b3 Kc3 50. Rxc4+ Kb2 51. a4 1-0

[Event "GER-chT Federal Cup (Women)"]
[Site "Braunfels"]
[Date "2013.06.01"]
[Round "4.4"]
[White "Zeller, Elisa"]
[Black "Ramm, Madlen"]
[Result "1-0"]
[WhiteElo "1896"]
[BlackElo "1532"]
[PlyCount "71"]
[EventDate "2013.05.30"]
[EventType "team-swiss"]
[EventRounds "5"]
[EventCountry "GER"]
[SourceTitle "EXT 2014"]
[Source "ChessBase"]
[SourceDate "2013.11.20"]
[SourceVersion "1"]
[SourceVersionDate "2013.11.20"]
[SourceQuality "1"]
[WhiteTeam "Wuerttemberg (W)"]
[BlackTeam "Saarland (W)"]
[WhiteTeamCountry "GER"]
[BlackTeamCountry "GER"]

1. e4 d5 2. exd5 Qxd5 3. Nc3 Qd6 4. d4 Nf6 5. Nf3 c6 6. g3 Bg4 7. Bg2 e6 8. Bf4 Qd8 9. Qd2 Bb4 10. Ne5 Bf5 11. a3 Ba5 12. b4 Bc7 13. b5 Nd5 14. bxc6 bxc6 15. Nxd5 cxd5 16. 0-0 0-0 17. g4 Bxe5 18. gxf5 Bxf4 19. Qxf4 Nd7 20. fxe6 fxe6 21. Qd6 Re8 22. Rae1 Qe7 23. Qxe7 Rxe7 24. Bxd5 Rae8 25. Bb3 Kf8 26. f4 Nf6 27. Rf2 Nd5 28. Re5 Nf6 29. Rfe2 Nd5 30. f5 Nf4 31. R2e3 Nd5 32. Re1 Nf4 33. Rf1 Nh3+ 34. Kg2 Ng5 35. fxe6+ Kg8 36. Rxg5 1-0

[Event "GER-chT Federal Cup (Women)"]
[Site "Braunfels"]
[Date "2012.06.08"]
[Round "2.5"]
[White "Ramm, Madlen"]
[Black "Rubina, Tatiana"]
[Result "0-1"]
[WhiteElo "1500"]
[BlackElo "1982"]
[PlyCount "84"]
[EventDate "2012.06.07"]
[EventType "team-swiss"]
[EventRounds "5"]
[EventCountry "GER"]
[SourceTitle "CBM 149 Extra"]
[Source "ChessBase"]
[SourceDate "2012.08.24"]
[SourceVersion "1"]
[SourceVersionDate "2012.08.24"]
[SourceQuality "1"]
[WhiteTeam "Saarland (W)"]
[BlackTeam "Baden (W)"]
[WhiteTeamCountry "GER"]
[BlackTeamCountry "GER"]

1. e4 e6 2. d4 d5 3. Nc3 Bb4 4. e5 b6 5. a3 Be7 6. Qg4 g6 7. Be3 Qd7 8. Bd3 Ba6 9. Qe2 Bxd3 10. Qxd3 c5 11. b3 Nc6 12. Nf3 Rc8 13. 0-0 h5 14. Ne2 Na5 15. Nd2 c4 16. bxc4 Nxc4 17. Nxc4 Rxc4 18. Qb3 Qc6 19. c3 Nh6 20. h3 Nf5 21. Bd2 h4 22. Nf4 Kd7 23. Nd3 Qa4 24. Qxa4+ Rxa4 25. Bc1 Rc8 26. Bb2 Bg5 27. f4 Be7 28. Kf2 Ng3 29. Rfc1 Ne4+ 30. Ke3 Rac4 31. Ne1 Nxc3 32. Bxc3 Rxc3+ 33. Rxc3 Rxc3+ 34. Ke2 Rxa3 35. Rc1 b5 36. Nd3 a5 37. Nc5+ Bxc5 38. Rxc5 Rb3 39. Kd1 Rb4 40. Kc2 Rc4+ 41. Rxc4 dxc4 42. Kc3 Kc6 0-1

[Event "Saarland-ch B"]
[Site "Schiffweiler"]
[Date "2009.04.10"]
[Round "8"]
[White "Ramm, Madlen"]
[Black "Wasylkowski, Andrzej"]
[Result "0-1"]
[WhiteElo "1566"]
[BlackElo "1592"]
[PlyCount "58"]
[EventDate "2009.04.03"]
[EventType "swiss"]
[EventRounds "9"]
[EventCountry "GER"]
[SourceTitle "EXT 2012"]
[Source "ChessBase"]
[SourceDate "2011.11.24"]
[SourceVersion "1"]
[SourceVersionDate "2011.11.24"]
[SourceQuality "1"]

1. e4 e5 2. Nf3 Nc6 3. Bb5 a6 4. Ba4 Nf6 5. 0-0 Nxe4 6. d4 b5 7. Bb3 d5 8. dxe5 Be6 9. c3 Bc5 10. Bf4 0-0 11. Nd4 Bxd4 12. cxd4 f6 13. Bc2 fxe5 14. Bxe5 Nxe5 15. dxe5 Qg5 16. Bxe4 dxe4 17. Qd4 Rad8 18. Qe3 Qxe3 19. fxe3 Rxf1+ 20. Kxf1 Rd1+ 21. Kf2 c5 22. h3 Bc4 23. a4 b4 24. Kg3 Bd3 25. Kf4 Rxb1 26. Rxb1 Bxb1 27. a5 c4 28. e6 Kf8 29. Ke5 c3 0-1